00630nam a2200157 a 4500003000200000005001700002008004100019050002900060100002000089245012100109260009000230300004800320504004100368650002800409650003500437020250208100016.0130125s19uu xx 00 eng d aPHS LB 1065 b.D671 2012 aDomingo, Cerwin aThe relationship between motivational factors in learning and the extent of motivation to achieve /cCerwin Domingo. aLas Piñas City, Philippines :bSouthville International School and Colleges,c2012. a22 pages :bcolored illustrations ;c28 cm. aIncludes bibliographical references. aMotivation in education aHigh school studentsxAnalysis